000 nam a22 7a 4500
999 _c234675
_d234675
003 Nust
005 20170329124750.0
008 170329b xxu||||| |||| 00| 0 eng d
040 _cDLC
082 _a629.04 KAR
100 _4Karl, Charles A.
245 _aITS Technologies Metropolitan Freight Vehicle Operations -- A Literature Review (Report)
942 _2ddc
_cBK